| 000 | 00427cam a22001217a 4500 | ||
|---|---|---|---|
| 008 | 180718b1926 xxu||||| |||| 00| 0 eng d | ||
| 082 | _aC4x4 Ay99 | ||
| 100 | _aAyyar, N.R. Subba | ||
| 245 |
_aThe Chief constitutions of Europe and the British Commonwealth: a brief study of their origin and working _cby N.R. Subba Ayyar |
||
| 260 |
_aKumbakonham _bM. Ramanathan _c1926 |
||
| 300 | _a139p. | ||
| 650 | _aConstitutional law - Europe | ||
| 999 |
_c358835 _d358835 |
||